Tierra que habla: antología de cantos nicaragüenses
Salvato in:
| Autore principale: | |
|---|---|
| Natura: | Libro |
| Lingua: | Undetermined |
| Pubblicazione: |
San José, Costa Rica
Universitaria Centroamericana
1974
|
| Edizione: | 2 |
| Soggetti: | |
| Tags: |
Aggiungi Tag
Nessun Tag, puoi essere il primo ad aggiungerne!!
|
MARC
| LEADER | 00000nam a2200000Ia 4500 | ||
|---|---|---|---|
| 008 | 170316s9999 xx 000 0 und d | ||
| 040 | |a cru BVZT | ||
| 090 | |a 860 C-49t | ||
| 100 | |a Cuadra, Pablo Antonio | ||
| 245 | |a Tierra que habla: antología de cantos nicaragüenses | ||
| 250 | |a 2 | ||
| 260 | |a San José, Costa Rica | ||
| 260 | |b Universitaria Centroamericana | ||
| 260 | |c 1974 | ||
| 300 | |a 181 páginas | ||
| 650 | |a LITERATURA LATINOAMERICANA | ||
| 999 | |c 8569 |d 8569 | ||
| 942 | |c 15 D |h 860 C-49t |2 z | ||
